[Event "US Open - Weekend Swiss"]
[Site "Vancouver, WA"]
[Date "2012.08.05"]
[Round "5"]
[White "Sato-Duncan, Takum  (OR)"]
[Black "Varner, Murlin (WA)"]
[Result "1-0"]
[WhiteElo "1654"]
[BlackElo "1663"]
[PlyCount "89"]

1.e4 e6 2.d4 d5 3.Nc3 c5 ( 3...Nc6 ) 4.exd5 exd5 5.dxc5 d4 6.Bb5+
Nc6 7.Ne4 {%08DA} Nf6 {????} ( 7...Qa5+ 8.c3 Qxb5 ) 8.Qe2 Nxe4
9.Qxe4+ Qe7 10.Qxe7+ Bxe7 11.b4 Bd7 ( 11...a5 ) 12.Bxc6 Bxc6
13.Ne2 O-O 14.O-O Bf6 15.Rb1 Be4 ( 15...Bb5 ) 16.Bb2 Bxc2 17.Bxd4
Bxb1 18.Rxb1 Bxd4 {?!} 19.Nxd4 Rad8 20.Nb5 a6 21.Nd6 Rd7 22.Re1
Rfd8 23.g3 Kf8 24.a4 b5 25.axb5 axb5 26.Nxb5 Rb7 27.Nd6 Rxb4
28.Rc1 Ra4 29.Nb7 Rc8 30.c6 Ra7 31.Nd6 Rac7 ( 31...Rd8 32.c7
Rxc7 33.Rxc7 Rxd6 ) 32.Nxc8 Rxc8 33.Kg2 Ke7 34.Kf3 Kd6 35.Ke4
Rxc6 36.Rxc6+ Kxc6 37.Ke5 Kd7 38.f4 f6+ ( 38...Ke7 39.g4 Kd7
40.g5 Ke7 41.f5 f6+ 42.gxf6+ gxf6+ 43.Ke4 Kd6 44.Kf4 h5 45.Ke4
Kc6 46.h3 Kc5 47.Kf4 Kd4 48.Kg3 Ke4 49.Kh4 Kxf5 50.Kxh5 Ke6 51.Kg4
Ke5 {=} ) 39.Kd5 g6 {?} ( 39...Ke7 40.f5 Kd7 41.Ke4 Kd6 42.Kf4
Kd5 43.g4 Kd4 44.h4 Kd5 45.h5 Kd4 46.Kf3 h6 47.Kf4 Kd3 48.Kf3
Kd4 ) 40.g4 h6 ( 40...Ke7 {=} ) 41.f5 g5 42.h3 Ke7 43.Kc6 Ke8
44.Kd6 Kf7 45.Kd7 1-0

[Event "US Open"]
[Site "Vancouver, WA"]
[Date "2012.08.11"]
[Round "8"]
[White "Kiiru, Joseph  (WA)"]
[Black "Cotten, Donald  (CA)"]
[Result "1-0"]
[WhiteElo "1833"]
[BlackElo "2015"]
[PlyCount ""]

1.d4 d5 2.c4 e5 3.dxe5 d4 4.Nf3 Nc6 5.g3 Bg4 6.Bg2 Qd7 7.O-O
Bh3 8.Qb3 O-O-O ( 8...Bxg2 9.Kxg2 O-O-O 10.Rd1 Qf5 11.Qd3 Nge7
12.Qxf5+ Nxf5 13.g4 Nh6 14.h3 Bc5 15.Bf4 Rhe8 16.a3 a5 17.Nbd2
Rd7 18.Ne4 Be7 19.Rd3 b6 20.Rad1 Red8 21.Ng3 Ng8 22.Nf5 g6 23.N5xd4
Nxd4 24.Rxd4 h6 25.Rxd7 Rxd7 26.Rxd7 Kxd7 27.Nd4 Bc5 28.e3 a4
29.Kf3 Bf8 30.Ke4 Ne7 31.Bg3 Nc6 32.Nxc6 Kxc6 33.f4 Kc5 34.Kd3
c6 35.Be1 {1-0, Wiege Gerald (GER) 2098 - Swenson L Ken Jr, Northeim (Germany) 2005.04.17}
) 9.e6 Bxe6 10.Ne5 Na5 {?} 11.Bxb7+ Nxb7 12.Nxd7 Rxd7 13.Na3
Nf6 14.Qa4 a5 15.Nb5 Bc5 16.b4 c6 17.bxc5 cxb5 18.cxb5 Nxc5 19.Qxa5
Kb7 20.b6 Na6 21.Bf4 Rd5 22.Qa3 Re8 23.Rfc1 g5 24.Rc7+ 1-0

[Event "US Open"]
[Site "Vancouver WA"]
[Date "2012.08.05"]
[Round "2"]
[White "Miller, Russell"]
[Black "Skidmore, Jennifer"]
[Result "0-1"]
[WhiteElo "1500"]
[BlackElo "1864"]
[PlyCount ""]

1.d4 d5 2.c4 e6 3.Nc3 c6 4.e3 f5 5.Nf3 Nf6 6.Bd3 Bb4 7.Bd2 O-O
8.a3 Bd6 9.Rc1 Ne4 10.cxd5 exd5 11.g3 Be6 12.h4 Nd7 13.Bxe4 fxe4
14.Ng5 Qf6 15.O-O h6 16.Nxe6 Qxe6 17.Ne2 Rf3 18.Nf4 Bxf4 19.exf4
Qh3 20.Rc3 Rxc3 21.bxc3 Nf6 22.f3 Qxg3+ 23.Kh1 Qh3+ 24.Kg1 Re8
25.Qe2 Qxh4 26.Rf2 exf3 27.Qxf3 Ne4 28.Re2 Re6 29.Be1 Rg6+ 30.Kf1
Ng3+ 31.Bxg3 Rxg3 0-1

[Event "US Open"]
[Site "Vancouver WA"]
[Date "2012.08.09"]
[Round "6"]
[White "Miller, Russell  (WA)"]
[Black "Spink, Walter  (OR)"]
[Result "1-0"]
[WhiteElo "1500"]
[BlackElo "1258"]
[PlyCount ""]

1.d4 d5 2.c4 e6 3.Nc3 Nf6 4.Nf3 Nbd7 5.Bf4 c6 6.e3 Be7 7.Bd3
O-O 8.Qc2 Ne4 9.Nxe4 dxe4 10.Bxe4 f5 11.Bd3 Nf6 12.O-O Nd7 13.Rfd1
Rf7 14.Ne5 Nxe5 15.dxe5 Qf8 16.h3 g5 17.Bh2 Qg7 18.Kh1 f4 19.exf4
gxf4 20.Qe2 Bc5 21.Rd2 Kf8 22.Bc2 Bd7 23.a3 Bb6 24.Rad1 Bc7 25.Bxf4
Rxf4 26.Rxd7 Rf7 27.Rxf7+ Qxf7 28.Rd3 Ke7 29.Qd2 Ke8 30.f4 Rd8
31.Rxd8+ Bxd8 32.g3 Qh5 33.Kg2 Be7 34.Qd3 Kf8 35.g4 Qh4 36.Qxh7
Qe1 37.Qe4 Qd2+ 38.Kf3 Bc5 39.Qe2 Qd4 40.g5 Qg1 41.g6 Kg7 42.b4
Be7 43.f5 Qg5 44.f6+ Bxf6 45.exf6+ Qxf6+ 46.Kg2 Qg5+ 47.Kh2 Qf4+
48.Kg1 Qg3+ 49.Qg2 Qe1+ 50.Qf1 Qe3+ 51.Kh1 1-0

[Event "US Open"]
[Site "Vancouver WA"]
[Date "2012.08.10"]
[Round "7"]
[White "Yu, Rinna  (CAN)"]
[Black "Miller, Russell  (WA)"]
[Result "0-1"]
[WhiteElo "1451"]
[BlackElo "1500"]
[PlyCount ""]

1.e4 c5 2.Nf3 Nc6 3.Be2 e6 4.d3 Nf6 5.h3 g6 6.b3 Bg7 7.Bb2 O-O
8.Nc3 Qa5 9.O-O Nxe4 10.dxe4 Bxc3 11.Bxc3 Qxc3 12.Qc1 d5 13.exd5
exd5 14.Rd1 Be6 15.Qh6 Qg7 16.Qh4 Rac8 17.Ng5 Nd4 18.Bd3 b5 19.c3
Nc6 20.Rab1 Rc7 0-1

[Event "US Open"]
[Site "Vancouver, WA"]
[Date "2012.08.11"]
[Round "8"]
[White "Miller, Russell  (WA)"]
[Black "Leftwich, Ralph  (OR)"]
[Result "1-0"]
[WhiteElo "1500"]
[BlackElo "1745"]
[PlyCount ""]

1.d4 f5 2.Nf3 Nf6 3.Nc3 g6 4.Bf4 Bg7 5.e3 O-O 6.Bc4+ Kh8 7.O-O
d6 8.h3 h6 9.Re1 c6 10.e4 Nxe4 11.d5 Nxc3 12.bxc3 Bxc3 13.Bxh6
Bxe1 14.Qd4+ Rf6 15.Rxe1 f4 16.Bg5 Kg7 17.Bxf6+ exf6 18.Ng5 b5
19.Bd3 c5 20.Qa1 c4 21.Be4 Na6 22.Ne6+ Bxe6 23.dxe6 Rb8 24.Bc6
Qe7 25.Qc3 Rc8 26.Bxb5 Nb8 27.Qd4 d5 28.Kf1 Rc5 29.Bd7 Ra5 30.Qxf4
Na6 31.g4 g5 32.Qf5 Nb4 33.a4 Rc5 34.Re2 d4 35.Qf3 c3 36.Bb5
Re5 37.Rxe5 fxe5 38.Bc4 Nxc2 39.Qf5 Ne3+ 40.fxe3 Qf6 41.Ke1 Qxf5
42.gxf5 Kf6 43.exd4 exd4 44.Kd1 Ke7 45.Kc2 Kf6 46.Bb3 Ke7 1-0

[Event "US Open"]
[Site "Vancouver, WA"]
[Date "2012.08.08"]
[Round "1"]
[White "Haining, Breck  (WA)"]
[Black "LeBlanc, Paul  (CAN)"]
[Result "0-1"]
[WhiteElo "1238"]
[BlackElo "1833"]
[PlyCount ""]

1.e4 c6 2.Nf3 g6 3.d4 d5 4.e5 Bg4 5.Be2 Bg7 6.Nbd2 e6 {%08DA}
7.c4 Nd7 8.Qb3 Qc7 9.O-O Ne7 10.Re1 O-O 11.Nf1 Nf5 12.cxd5 Bxf3
13.Qxf3 Nxd4 14.d6 Nxf3+ 15.Bxf3 Qb6 16.Bf4 Qd4 17.Bg3 Nxe5 18.Bxe5
Bxe5 19.Rad1 Qxb2 20.Re2 Qc3 21.d7 Bc7 22.Red2 Rfd8 23.Ng3 Bxg3
24.hxg3 Kf8 25.Be4 Ke7 26.Bc2 Qa5 27.Bb3 Qc7 28.Kf1 a5 29.a4
Ra6 30.Rd3 Rb6 31.Bc2 Rb2 32.Rc3 Qb6 33.Re3 Rxc2 0-1

[Event "US Open"]
[Site "Vancouver, WA"]
[Date "2012.08.08"]
[Round "2"]
[White "Kannan, Suganth  (FL)"]
[Black "Haining, Breck  (WA)"]
[Result "1-0"]
[WhiteElo "1682"]
[BlackElo "1238"]
[PlyCount ""]

1.e4 g6 2.d4 Bg7 3.Nf3 d6 4.Bc4 e6 5.Nc3 Nf6 6.Be3 O-O 7.Qd2
Nxe4 8.Nxe4 d5 9.Bd3 dxe4 10.Bxe4 Nd7 11.Bh6 Nf6 12.Bxg7 Kxg7
13.Bd3 b6 14.h4 Bb7 15.O-O-O Bxf3 16.gxf3 Qxd4 17.h5 Nxh5 18.Rxh5
gxh5 19.Qg5+ Kh8 20.Qxh5 Qf4+ 21.Kb1 h6 22.Rh1 Rg8 23.a3 Qg5
24.Qxf7 1-0

[Event "US Open"]
[Site "Vancouver, WA"]
[Date "2012.08.08"]
[Round "3"]
[White "Brusselback, Lon  (OR)"]
[Black "Haining, Breck  (WA)"]
[Result "1-0"]
[WhiteElo "1569"]
[BlackElo "1238"]
[PlyCount ""]

1.e4 g6 2.d4 Bg7 3.g3 d6 4.Bg2 Nf6 5.Nc3 c6 6.f4 e6 7.Nf3 O-O
8.O-O b5 9.e5 Nd5 10.Ne4 dxe5 11.fxe5 f6 12.exf6 Nxf6 13.Bg5
Qc7 14.Nxf6+ Bxf6 15.Bxf6 Rxf6 16.Qd2 Nd7 17.Ng5 Bb7 18.Rxf6
Nxf6 19.Nxe6 Qd6 20.Nf4 Re8 21.c3 Ne4 22.Qc2 c5 23.Re1 cxd4 24.Bxe4
Kg7 25.Qd3 a6 26.cxd4 Qe7 27.d5 Qc5+ 28.Kg2 Bc8 29.Qc3+ Qxc3
30.bxc3 Bf5 31.Kf3 Kf6 32.g4 Bd7 33.Nd3 Rc8 34.Rc1 a5 35.h3 h6
36.Ke3 Kg7 37.Bxg6 Bxg4 38.hxg4 Kxg6 39.Ne5+ Kg7 40.Kd4 b4 41.c4
a4 42.c5 Rb8 43.Rb1 a3 44.Kc4 Re8 45.Kd4 Rb8 46.Nc6 Rf8 47.Rxb4
Rf2 48.Rb7+ Kg6 49.Nb4 Rf4+ 50.Ke5 1-0

[Event "US Open"]
[Site "Vancouver, WA"]
[Date "2012.08.09"]
[Round "4"]
[White "Haining, Breck  (WA)"]
[Black "Hiatt, Arlene  (ID)"]
[Result "1-0"]
[WhiteElo "1238"]
[BlackElo "551"]
[PlyCount ""]

1.e4 e5 2.Nf3 Nc6 3.Nc3 Nf6 4.Be2 d6 5.d3 Be7 6.h3 Be6 7.Be3
a6 8.d4 O-O 9.d5 Qd7 10.dxe6 fxe6 11.O-O d5 12.exd5 exd5 13.Bg5
d4 14.Bxf6 Bxf6 15.Bc4+ Kh8 16.Nd5 b5 17.Nxf6 Rxf6 18.Bd3 h6
19.Be4 Re8 20.Bxc6 Qxc6 21.Qe2 Rg6 22.g3 Qf6 23.Rae1 Qf5 24.Nh4
Qxh3 25.Nxg6+ Kh7 26.Qe4 1-0

[Event "US Open"]
[Site "Vancouver, WA"]
[Date "2012.08.09"]
[Round "5"]
[White "Riddell, Connor  (NY)"]
[Black "Haining, Breck  (WA)"]
[Result "1/2-1/2"]
[WhiteElo "1650"]
[BlackElo "1238"]
[PlyCount ""]

1.e4 g6 2.d4 Bg7 3.c4 d6 4.Nc3 Nf6 5.f4 O-O 6.Nf3 c5 7.d5 e6
8.h3 exd5 9.cxd5 a6 {%08DA} 10.Be3 Qa5 11.Bd3 Re8 12.O-O b5 13.e5
dxe5 14.fxe5 Nfd7 15.Ng5 Nxe5 16.Bxc5 Qc7 17.Nce4 f5 18.d6 Qb7
19.Qb3+ Kh8 20.Nd2 h6 21.Ngf3 Be6 22.Qc2 Nbd7 23.Rae1 Rac8 24.b4
Nxd3 25.Qxd3 Qd5 26.Qxd5 Bxd5 27.Rxe8+ Rxe8 28.Bd4 Re6 29.Bc5
Bf8 30.Nd4 Rf6 31.g4 fxg4 32.hxg4 Rxf1+ 33.Kxf1 Bg7 34.a3 Bf6
35.N2f3 Bxf3 36.Nxf3 Bb2 37.Bd4+ Bxd4 38.Nxd4 Kg7 39.Ne6+ Kf6
40.Nc5 Nxc5 41.bxc5 Ke6 42.Kg2 a5 43.Kf3 b4 44.axb4 a4 45.b5
a3 46.b6 a2 47.b7 a1Q 48.b8Q Qa3+ 49.Kf4 Kf6 {%02  (Breck got away with one here, as it looks to me like a clear winning position for White, beginning with 50. Qf8+.)}
 1/2-1/2

[Event "US Open"]
[Site "Vancouver, WA"]
[Date "2012.08.12"]
[Round "9"]
[White "Rymuza, Jeffrey (GA)"]
[Black "Olson, Travis  (WA)"]
[Result "1/2-1/2"]
[WhiteElo "1903"]
[BlackElo "1655"]
[PlyCount ""]

1.e4 c5 2.c3 Nc6 3.d4 e6 4.Nf3 d5 5.exd5 exd5 6.Bb5 Nf6 7.Ne5
Qc7 8.O-O Bd6 9.Bxc6+ bxc6 10.Re1 O-O 11.Bg5 Nd7 {?!} {
 [diagram] I missed an opportunity here with Ne4, since I was worried about
white playing f3 at some point. But black is actually safe here after Ne4 12.
Be3	cxd4 13. cxd4 Bxe5 14. dxe5 Qxe5 15. Nd2 Qxb2 16. Nxe4 dxe4 17. Bc5 Re8 18.
Rxe4 Be6 19. Bd4 and black is up a pawn. If instead 12. Bh4, then cxd4 13. cxd4
Rb8 14. b3 ( 14. f3 here leads to 14. .. Bxe5 15. dxe5 Qb6+ 16. Kh1 Qxb2 ) Bxe5
15. dxe5 Qxe5 16. Nd2 Rb4 17. f3? Qd4+ and black is still up a pawn.}
12.Nf3 Nb6 { Here I was also looking at Ba6, which is slightly better, But I didn't like 13. Be7, even though black is fine.}
13.Nbd2 Bf5 14.dxc5 Bxc5 15.Nd4 Bxd4 {?} {
 I should have just played Bg6 and maintained the bishop pair. Taking the
knight left white a wide-open c file to attack my backwards pawn, as well as a
strong outpost on e5 and an isolated d pawn which couldn't be assailed.}
16.cxd4 Rfe8 17.Qf3 Bg6 18.h4 h6 19.Bf4 Qd7 20.h5 Bh7 21.Qg3
Kh8 { [diagram] And here white has a noticable advantage.} 22.Rac1
Rxe1+ 23.Rxe1 Re8 24.Rc1 Qb7 25.b3 Nd7 26.Qc3 Re6 27.Qg3 Nf6
28.Qh4 Qe7 29.Nf3 Qe8 30.Ne5 Ne4 { I'm defending pretty well for the most part.}
31.g4 f6 32.Nf3 Ng5 33.Bxg5 fxg5 {?} {
 hxg5 was better, since the white outpost on e5 is maintained. I didn't like
the idea of him pushing his h pawn forward to attack my kingside.}
34.Qg3 Be4 {?} { Re4 was a chance to prevent Ne5 by attacking the d pawn, but I was running into time-pressure.}
35.Ne5 Rf6 36.Qe3 Re6 37.f3 Bh7 38.Qc3 Qb8 { I saw Qb8 as the only real defense for my near-doomed c pawn. If Nxc6?? I have a mate in 4 after Qg3+.}
39.Kg2 Kg8 40.Qd2 {?} {
 White would have had a sizeable advantage after Qa5! He still couldn't take
the pawn since I was still threatening Re2+ Kf1 Qh2!} Qb5 41.Rc5
Qb6 42.Qa5 Bb1 43.Qa4 {?} {
 [diagram] White would have done better simply to play a3. After reaching time
control with a minute left on my clock, I spent 20 minutes on this next move,
noting the weakness of white's overloaded d pawn. Fortunately I arrived at the correct move...}
Bxa2 {!} { The other move I was pondering was Rxe5. I calculated the line 43... Rxa5
Rxc6, Re2+ Kf1, Bd3 Rxb6, Rxa2+ Ke1, Rxa4 Rb8+, Kf2 bxa4, leaving me with a
bishop vs rook endgame. At first glance it seemed I could hold a draw with this
line, but after anchoring my bishop on c4, white could sack the exchange and
capture my c pawn, leaving him with a won endgame. So I instead took on a2,
deflecting white's queen away from c6 preventing Rxc6.} 44.Qxa2
Rxe5 45.Qc2 Re6 46.Qf5 Rf6 47.Qd3 Qb4 48.Qe3 1/2-1/2

[Event "US Open"]
[Site "Vancouver, WA"]
[Date "2012.08.10"]
[Round "6"]
[White "Haining, Breck  (WA)"]
[Black "Rhoades, Alan  (OR)"]
[Result "0-1"]
[WhiteElo "1238"]
[BlackElo "1596"]
[PlyCount ""]

1.e4 Nf6 2.Nc3 d5 3.d3 dxe4 4.Nxe4 Nxe4 5.dxe4 Qxd1+ 6.Kxd1 e5
7.Nf3 Bd6 8.Bc4 Bg4 9.Ke2 f5 10.Bd3 Rf8 11.h3 Bxf3+ 12.gxf3 f4
13.Bd2 Nd7 14.Rag1 Rf7 15.Bc4 Re7 16.Rg2 O-O-O 17.Rhg1 g6 18.b4
c5 19.a3 Nb6 20.Bd5 Nxd5 21.exd5 c4 22.h4 Rg8 23.h5 Reg7 24.hxg6
hxg6 25.Rg5 a5 26.Bc3 axb4 27.axb4 Kd7 28.Ra1 Re8 29.b5 Kc7 30.Ba5+
Kd7 31.Bb6 Ke7 32.Rag1 Kf6 33.R5g4 Ra8 34.Be3 fxe3 35.fxe3 Rc8
36.Rb1 Rh7 37.Rg2 Kf5 38.e4+ Kf6 39.Rbg1 Rg8 40.Kd2 Bb4+ 41.Ke2
Bc5 42.Rb1 Ra8 43.Rf1 Rh3 44.Rd1 Ra2 45.Rd2 c3 46.d6 cxd2 47.d7
Bb6 48.Kxd2 Rxf3 49.Re2 Ke7 50.Rg2 Rf2+ 51.Rxf2 Bxf2 52.Kd3 g5
53.c4 g4 54.c5 Bxc5 55.Kc4 b6 56.Kd5 g3 57.Kxe5 g2 58.Kd5 g1Q
59.Kc6 Qg6+ 60.Kb7 Qxe4+ 0-1

[Event "US Open"]
[Site "Vancouver, WA"]
[Date "2012.08.10"]
[Round "7"]
[White "Currell, John R  (NV)"]
[Black "Haining, Breck  (WA)"]
[Result "1-0"]
[WhiteElo "1800"]
[BlackElo "1238"]
[PlyCount ""]

1.d4 g6 2.c4 Bg7 3.Nc3 d6 4.e4 Nf6 5.f4 O-O 6.Nf3 Nbd7 7.Be2
c5 8.d5 a6 9.e5 dxe5 10.fxe5 ( 10.fxe5 Ng4 11.e6 fxe6 12.h3 Nge5
13.dxe6 Nxf3+ 14.Bxf3 Nb6 15.Qxd8 Rxd8 16.Nd5 Nxd5 17.cxd5 Rd6
18.O-O Ra7 19.Rb1 b5 20.Be3 Bd4 21.Bxd4 cxd4 22.Rfd1 Rc7 23.Rxd4
Bb7 24.Rbd1 Rc8 25.Kf2 Rcd8 26.Ke3 Rc8 27.Be4 Rcd8 28.Kf4 Rf8+
29.Ke5 Kg7 30.R4d3 Kg8 31.Rf3 Rxf3 32.Bxf3 a5 33.Rc1 Kf8 34.Rc7
Rb6 35.Rd7 Ke8 36.d6 exd6+ 37.Rxd6 Rxd6 38.Kxd6 Bxf3 39.gxf3
b4 40.e7 h6 41.f4 a4 42.h4 h5 43.b3 axb3 44.axb3 {1-0, Honzik S (CZE) - Cervinka Michal (CZE) 2227, Plzen (Czech Republic) 1996}
) Ng4 11.e6 Bxc3+ 12.bxc3 Qa5 13.exd7 Bxd7 14.h3 Nf6 15.O-O Ne4
16.Bh6 Nxc3 17.Qe1 Nxe2+ 18.Qxe2 Rfe8 19.Ne5 f6 20.Nxd7 Qc7 21.Qe6+ 1-0

[Event "US Open"]
[Site "Vancouver, WA"]
[Date "2012.08.11"]
[Round "8"]
[White "Haining, Breck  (WA)"]
[Black "Jensen, David  (WA)"]
[Result "1-0"]
[WhiteElo "1238"]
[BlackElo "515"]
[PlyCount ""]

1.e4 c5 2.Nf3 d6 3.c3 Nf6 4.Bd3 Bg4 5.O-O Nc6 6.Bc2 e5 7.h3 Bh5
8.d3 Be7 9.Nbd2 O-O 10.Re1 Qd7 11.Nf1 Rac8 12.Ng3 Bxf3 13.Qxf3
Rfe8 14.Be3 Na5 15.Qd1 b6 16.Nf5 c4 17.Nxe7+ Qxe7 18.d4 Red8
19.Qf3 h6 20.dxe5 dxe5 21.Rad1 Nb7 22.Qg3 Nh5 23.Qg4 Nf6 24.Rxd8+
Rxd8 25.Qf3 Nc5 26.Bxc5 Qxc5 27.Rd1 Rxd1+ 28.Qxd1 Qc6 29.Qe2
b5 30.Kh2 g5 31.f3 Qd7 32.Qd1 Qc8 33.b3 cxb3 34.Bxb3 Qxc3 35.Qc2
Qd4 36.Qc6 Kg7 37.Qc7 h5 38.Qxf7+ Kh6 39.Qxf6+ Kh7 40.Qxg5 Qd6
41.Qxh5+ Kg7 42.Qf7+ Kh6 43.Qxa7 Qf6 44.Qe3+ Kg6 45.g3 1-0

[Event "US Open"]
[Site "Vancouver, WA"]
[Date "2012.08.12"]
[Round "9"]
[White "Brown, Dean W  (CO)"]
[Black "Haining, Breck  (WA)"]
[Result "1-0"]
[WhiteElo "1484"]
[BlackElo "1238"]
[PlyCount ""]

1.e4 g6 2.d4 Bg7 3.Nf3 d6 4.Bc4 e6 5.O-O Nf6 6.Bg5 O-O 7.Nc3
h6 8.Bh4 c5 ( 8...Nbd7 9.e5 g5 10.exf6 Qxf6 11.Bg3 a6 12.Ne4
Qg6 13.Bd3 f5 14.Nc3 Qf7 15.h3 b5 16.Nxb5 axb5 17.Bxb5 Nf6 18.Qd3
Bb7 19.Qb3 Rfb8 20.Bc4 Bc8 21.Qd3 d5 22.Ne5 dxc4 23.Qxc4 Qe8
24.d5 Ba6 25.Qc6 Bxf1 26.Qxe8+ Nxe8 27.Kxf1 Rxb2 28.dxe6 f4 29.Bh2
Bxe5 30.Re1 Ra5 31.Rd1 Rxc2 32.Rd8 Rc1+ 33.Ke2 Rxa2+ 34.Kf3 Kf8
35.Rd7 Rc3+ 36.Kg4 Nf6+ 37.Kf5 Nxd7 38.exd7 {0-1, Austin J - Vega D'Aurelio Unai, East Lansing (USA) 1991}
) 9.dxc5 Qc7 10.Qxd6 Qxd6 11.cxd6 Nbd7 12.Rfe1 Nb6 13.Bb3 Bd7
14.e5 g5 15.exf6 Bxf6 16.Bg3 Bc6 17.Ne5 Rac8 18.Rad1 Nd7 19.Nxc6
bxc6 20.Na4 Rfe8 21.c3 Rb8 22.Rd3 e5 23.f3 Rbd8 24.Bf2 Ra8 25.Nc5
Nxc5 26.Bxc5 Kg7 27.Ba4 Rg8 28.d7 Rab8 29.Bxc6 Rxb2 30.Bd5 Rgb8
31.Bb3 a5 32.Ba3 R2xb3 33.axb3 Rxb3 34.Bd6 Bd8 35.Bxe5+ f6 36.Bd4
a4 37.Re8 Bc7 38.d8Q Bxd8 39.Rxd8 Rb1+ 40.Kf2 a3 41.c4 a2 42.Ra3
Rc1 43.c5 Rc2+ 44.Kg3 h5 45.h4 Kg6 46.hxg5 fxg5 47.Ra6+ Kf5 48.Rd5# 1-0

[Event "US Open"]
[Site "Vancouver, WA"]
[Date "2012.08.10"]
[Round "6"]
[White "Sloan, Sam  (NY)"]
[Black "Stearman, Josiah P  (CA)"]
[Result "0-1"]
[WhiteElo "1936"]
[BlackElo "1860"]
[PlyCount ""]

1.g4 d5 2.Bg2 Bxg4 3.c4 e6 4.Qb3 Nd7 5.cxd5 Bc5 6.Qg3 Ngf6 7.h3
Bf5 8.dxe6 Bxe6 9.Bxb7 Rb8 10.Bf3 O-O 11.Nc3 Bd6 12.Qg2 Ne5 13.d4
Nc4 14.Bh6 Ne8 15.b3 Bb4 16.Rc1 Qxd4 17.bxc4 Bxc3+ 18.Kf1 Rd8
19.Qg5 f6 20.Qg3 Bb2 21.Be3 Qd7 22.Rb1 Rb8 23.Qh4 Bf5 24.Be4
Nd6 25.Rd1 Bxe4 26.Qxe4 Qa4 27.Qd5+ Nf7 28.Rd3 Rbd8 29.Qe6 Rxd3
30.exd3 Qd1+ 31.Kg2 Qxd3 32.Nf3 Qg6+ 33.Kh2 Kh8 34.Rg1 Qh5 35.Qe7
Rg8 36.Rg4 f5 37.Rf4 Nh6 38.Ne5 Re8 39.Rxf5 Bxe5+ 40.Qxe5 Rxe5
41.Rxh5 Rxh5 42.Bxa7 Ra5 43.Bb8 Rxa2 44.Bxc7 Rxf2+ 45.Kg3 Rc2
46.Bf4 Rxc4 47.Bd2 Nf5+ 48.Kf3 Rh4 49.Kg2 h6 50.Bc3 Kh7 51.Be5
g5 52.Bc3 h5 53.Bf6 Kh6 54.Bd8 Ra4 55.Bb6 g4 56.hxg4 hxg4 57.Bc7
g3 58.Kh3 Ra2 59.Bb6 Rh2+ 60.Kg4 g2 61.Bg1 Rh1 62.Bf2 g1Q+ 63.Bxg1
Rxg1+ 0-1

[Event "US Open - Quads"]
[Site "Vancouver, WA"]
[Date "2012.08.06"]
[Round "2"]
[White "Lee, Boas  (WA)"]
[Black "Sankrithi, Siva  (WA)"]
[Result "1/2-1/2"]
[WhiteElo "1543"]
[BlackElo "1510"]
[PlyCount ""]

1.e4 e5 2.Nf3 Nf6 3.Nc3 Nc6 4.Bc4 Bc5 5.d3 O-O 6.Bg5 h6 7.Bh4
d6 8.h3 Be6 9.Nd5 Bxd5 10.Bxd5 g5 11.Bg3 Nxd5 12.exd5 Ne7 13.Qd2
Nxd5 14.h4 Nf4 15.O-O-O Kg7 16.hxg5 hxg5 17.Bxf4 gxf4 18.g3 Qf6
19.Rdg1 Rh8 20.gxf4+ Kf8 21.Rxh8+ Qxh8 22.fxe5 dxe5 23.Qa5 Bxf2
24.Rf1 Qh6+ 25.Kd1 Qe3 1/2-1/2

[Event "US Open"]
[Site "Vancouver, WA"]
[Date "2012.08.04"]
[Round "1"]
[White "Rutgers, Bert  (WA)"]
[Black "Ellis, James S  (WI)"]
[Result "0-1"]
[WhiteElo "1517"]
[BlackElo "2000"]
[PlyCount ""]

1.e4 c5 2.Nf3 d6 3.d4 cxd4 4.Nxd4 Nf6 5.Nc3 Nc6 6.Be3 Ng4 7.Nxc6
Nxe3 8.Nxd8 Nxd1 9.Rxd1 Kxd8 10.e5 Bd7 11.Be2 Rc8 12.exd6 exd6
13.Bf3 Bc6 14.Bd5 Be7 15.Bxc6 bxc6 16.Rd4 Re8 17.Kd2 Kd7 18.Re1
d5 19.Re2 Rb8 20.b3 a5 21.Kd3 f5 22.Rf4 g6 23.g4 Rb4 24.Rxb4
axb4 25.Nb1 fxg4 26.c3 bxc3 27.Nxc3 Kd6 28.Re1 Rf8 29.Ke2 Rf3
30.Nd1 Rh3 31.Rg1 h5 32.Ne3 Rxh2 33.a4 Bh4 34.Nd1 g3 35.Kf3 gxf2
36.Rf1 Rh3+ 37.Kf4 Ke6 0-1

[Event "US Open"]
[Site "Vancouver, WA"]
[Date "2012.08.05"]
[Round "2"]
[White "Pendergraft, Troy A  (OR)"]
[Black "Rutgers, Bert  (WA)"]
[Result "1-0"]
[WhiteElo "1853"]
[BlackElo "1517"]
[PlyCount ""]

1.c4 Nf6 2.g3 g6 3.Bg2 c5 4.Nc3 Bg7 5.e4 Nc6 6.Nge2 O-O 7.O-O
d6 8.d3 Bd7 9.h3 h5 10.a3 a6 11.Rb1 Qc8 12.Kh2 Nd4 13.Be3 e5
14.f4 h4 15.fxe5 hxg3+ 16.Nxg3 dxe5 17.Nd5 Nxd5 18.exd5 f5 19.Ne2
Qc7 20.Nxd4 cxd4 21.Bg5 e4+ 22.Bf4 Be5 23.Bxe5 Qxe5+ 24.Kg1 e3
25.Qf3 f4 26.b4 Ba4 27.Qg4 Kg7 28.Be4 Rf6 29.c5 Raf8 30.Rbc1
Rf5 31.h4 Bd7 32.c6 bxc6 33.dxc6 Bc8 34.Rc5 Qf6 35.Bxf5 Bxf5
36.Qxf4 e2 37.Re1 Bxd3 38.Qxf6+ Rxf6 39.Rcc1 Rf8 40.c7 Rc8 41.a4
Kf7 42.Kf2 Bf5 43.Rxe2 d3 44.Rb2 Ke7 45.b5 axb5 46.axb5 Be4 47.Ke3
Bb7 48.Kxd3 Kd7 49.b6 Rh8 50.c8Q+ Rxc8 51.Rxc8 Kxc8 52.Rc2+ Kb8
53.Rc7 Bf3 54.Kd4 Bg4 55.Ke5 Bf5 56.Kf6 Be4 57.Rg7 1-0

[Event "US Open"]
[Site "Vancouver, WA"]
[Date "2012.08.06"]
[Round "3"]
[White "Rutgers, Bert  (WA)"]
[Black "Poustie,  Harold  (CAN)"]
[Result "1-0"]
[WhiteElo "1517"]
[BlackElo "1195"]
[PlyCount ""]

1.e4 e5 2.f4 exf4 3.Bc4 Qh4+ 4.Kf1 Bd6 5.Nf3 Qe7 6.d4 Nc6 7.a3
f6 8.Nc3 Na5 9.Ba2 c6 10.b4 Qd8 11.bxa5 Qxa5 12.Bd2 Bxa3 13.Qe1
b6 14.Bc1 Ba6+ 15.Kf2 O-O-O 16.Bxg8 Rhxg8 17.Rxa3 Qh5 18.Rxa6
Kb7 19.Ra2 g5 20.Qe2 g4 21.Qa6+ Kc7 22.Bxf4+ d6 23.Qxa7+ Kc8
24.Qe7 Kb8 25.Rha1 Qa5 26.Rxa5 bxa5 27.Rb1+ 1-0

[Event "US Open"]
[Site "Vancouver, WA"]
[Date "2012.08.07"]
[Round "4"]
[White "Coste, Samuel  (OR)"]
[Black "Rutgers, Bert  (WA)"]
[Result "1-0"]
[WhiteElo "1835"]
[BlackElo "1517"]
[PlyCount ""]

1.e4 e5 2.Nf3 Nc6 3.Bb5 a6 4.Bxc6 dxc6 5.O-O Bd6 6.d4 Bg4 7.c3
Qf6 8.Nbd2 Ne7 9.h3 h5 10.Re1 Ng6 11.hxg4 hxg4 12.Nh2 Qh4 13.Ndf1
exd4 14.e5 Nxe5 15.cxd4 O-O-O 16.dxe5 Bb4 17.Qe2 f6 18.Rd1 Rde8
19.Qxg4+ 1-0

[Event "US Open"]
[Site "Vancouver, WA"]
[Date "2012.08.09"]
[Round "6"]
[White "Pabon, Tony  (CA)"]
[Black "Rutgers, Bert  (WA)"]
[Result "1-0"]
[WhiteElo "1800"]
[BlackElo "1517"]
[PlyCount ""]

1.d4 f5 2.Bg5 Nf6 3.Bxf6 exf6 4.e3 d5 5.Bd3 Bd6 6.c4 dxc4 7.Bxc4
Qe7 8.Nc3 Bb4 9.Qb3 Nc6 10.a3 Nxd4 11.Qd1 Bxc3+ 12.bxc3 Nc6 13.Nf3
Ne5 14.Be2 Be6 15.Nd4 Bd7 16.Qb1 Qc5 17.O-O Nc4 18.Qxb7 O-O 19.Qb4
Qxb4 20.axb4 Nd2 21.Rfd1 Ne4 22.Bc4+ Kh8 23.Rdc1 c5 24.Ne6 Rfc8
25.Bd5 Rab8 26.f3 Ng5 27.Nxc5 Bc6 28.Bxc6 Rxc6 29.Rxa7 Rd8 30.Re7
Kg8 31.Rc2 Rd1+ 32.Kf2 Rcd6 33.h4 Kf8 34.Rc7 Ne6 35.Nxe6+ Rxe6
36.Ra2 Re7 37.Rxe7 Kxe7 38.Rc2 Rh1 39.c4 Rxh4 40.Kg3 g5 41.f4
Rg4+ 42.Kf3 h5 43.c5 h4 44.c6 Rg3+ 45.Kf2 h3 46.Kxg3 1-0

[Event "US Open"]
[Site "Vancouver, WA"]
[Date "2012.08.10"]
[Round "7"]
[White "Rutgers, Bert  (WA)"]
[Black "Wu, Ethan  (OR)"]
[Result "1-0"]
[WhiteElo "1517"]
[BlackElo "1065"]
[PlyCount ""]

1.e4 e5 2.f4 Nc6 3.Bc4 Nf6 4.Nc3 Bb4 5.Nf3 d6 6.d3 O-O 7.O-O
Bc5+ 8.Kh1 Bg4 9.h3 Bd7 10.a3 a5 11.f5 Bc8 12.g4 b6 13.g5 Nd7
14.g6 Kh8 15.gxf7 Qf6 16.Bg5 Qxf7 17.Bxf7 Rxf7 18.Na4 h6 19.Nxc5
Nxc5 20.Rg1 hxg5 21.Nxg5 Rf6 22.Qh5+ Kg8 23.Qh7+ Kf8 24.Qh8+
Ke7 25.Qxg7+ 1-0

[Event "US Open"]
[Site "Vancouver, WA"]
[Date "2012.08.08"]
[Round "5"]
[White "Rutgers, Bert  (WA)"]
[Black "Schneider, Kathy  (CO)"]
[Result "1-0"]
[WhiteElo "1517"]
[BlackElo "1079"]
[PlyCount ""]

1.e4 e5 2.f4 Bd6 3.Bc4 Nf6 4.Nf3 O-O 5.fxe5 Nxe4 6.exd6 Nxd6
7.Be2 Nf5 8.O-O d6 9.d4 Nc6 10.d5 Ne5 11.Nxe5 dxe5 12.Bd3 Nd6
13.Nc3 c6 14.dxc6 Qb6+ 15.Kh1 Qxc6 16.Qh5 g6 17.Qxe5 Bh3 18.Qg3
Be6 19.Bh6 Rfe8 20.Qe5 1-0